Η επίδραση του νηπιαγωγικού χώρου στην επικοινωνία νηπιαγωγού και νηπίων : διπλωματική εργασία [μεταπτυχιακή εργασία]

Αποθηκεύτηκε σε:
Λεπτομέρειες βιβλιογραφικής εγγραφής
Κύριος συγγραφέας: Φραγκούλη, Μαρία
Συγγραφή απο Οργανισμό/Αρχή: Πανεπιστήμιο Αιγαίου Σχολή Ανθρωπιστικών Επιστημών Τμήμα Επιστημών της Προσχολικής Αγωγής και του Εκπαιδευτικού Σχεδιασμού Πρόγραμμα Μεταπτυχιακών Σπουδών Μοντέλα Σχεδιασμού και Ανάπτυξης Εκπαιδευτικών Μονάδων
Μορφή: Thesis Βιβλίο
Γλώσσα:Greek
Δημοσίευση: 2015.
Θέματα:
Διαθέσιμο Online:http://hdl.handle.net/11610/17385
Ετικέτες: Προσθήκη ετικέτας
Δεν υπάρχουν, Καταχωρήστε ετικέτα πρώτοι!

MARC

LEADER 00000cam a2200000 a 4500
001 1/111061
008 160608s2015####gr | ||| |||| ||gre||
040 |a GR-MyUa  |b gre  |c GR-MyUa  |e AACR2 
041 0 |a gre 
082 7 |a 372.21   |2 (23).  
100 1 |a Φραγκούλη, Μαρία. 
245 1 2 |a Η επίδραση του νηπιαγωγικού χώρου στην επικοινωνία νηπιαγωγού και νηπίων :   |b διπλωματική εργασία [μεταπτυχιακή εργασία] /   |c Φραγκούλη Μαρία ; επιβλέπων καθηγητής: Σταμάτης Παναγιώτης.  
260 |c 2015.  
300 |a 96 σ. :   |b εικ. ;   |c 30 εκ.  
502 # # |a Διατριβή (μεταπτυχιακή) – Πανεπιστήμιο Αιγαίου, Ρόδος, 2015. 
504 |a Βιβλιογραφία: σ. 77-80.  
506 1 |a Πλήρες κείμενο - Ελεύθερη δημοσίευση - Κλειδωμένη η δυνατότητα αντιγραφής.  
650 0 |a Kindergarten  |x Buildings. 
650 0 |a School environment. 
650 0 |a School buildings. 
650 0 |a Kindergarten  |x Decoration. 
650 0 |a School plant management. 
650 0 |a School buildings  |x Design and construction  |z Greece. 
700 1 |a Σταμάτης, Παναγιώτης Ι.,   |d 1967-  |e dgs 
710 2 |a Πανεπιστήμιο Αιγαίου   |b Σχολή Ανθρωπιστικών Επιστημών   |b Τμήμα Επιστημών της Προσχολικής Αγωγής και του Εκπαιδευτικού Σχεδιασμού   |b Πρόγραμμα Μεταπτυχιακών Σπουδών Μοντέλα Σχεδιασμού και Ανάπτυξης Εκπαιδευτικών Μονάδων. 
852 |a INST  |b RHODES  |c DIATR  |e 20160608  |h 372.21 ΧΡΟ  |p 005400038516  |q 005400038516  |t MTXE  |y 23 
856 |u http://hdl.handle.net/11610/17385 
924 |a Φραγκούλη   |b Μαρία   |y Ρόδος  |z 2016-03  
970 |z 08-06-2016